Szczegóły MARC21

Polnische Motive im deutschen Kinder- und Jugendbuch nach 1945 /

003 -Nazwa inst., której nr kontr. jest w polu 001 [,]
    • @
    • Nazwa instytucji, której n kontrolny jest w polu 001
    • NUKAT
005 -DATA I CZAS OSTATNIEJ MODYFIKACJI [,]
    • @
    • pole kontrolne
    • 20241231093123.0
020 -Międzynarod. znormalizowany nr książki - ISBN [ , ]
    • a
    • Numer ISBN
    • 3923293658 Find
040 -Instytucja sporządzająca opis [ , ]
    • a
    • Instytucja, która sporządziła opis (NP)
    • KR U/MM
    • c
    • Instytucja, która sporządziła rekord (NP)
    • KR U/MM
    • d
    • Instytucja, która zmodyfikowała rekord (P)
    • KR U/mal
    • d
    • Instytucja, która zmodyfikowała rekord (P)
    • KR U/DPs
    • d
    • Instytucja, która zmodyfikowała rekord (P)
    • KR 119/jp
942 -Rodzaj dokumentu [ , ]
    • c
    • Rodzaj dokumentu
    • Książka
100 -Hasło główne - nazwa osobowa [1, ]
    • a
    • Nazwa osobowa (NP)
    • Kamińska-Ossowska, Ewelina
    • d
    • Daty biograficzne (NP)
    • (1968- ).
    • 9
    • KHW
    • 1359
245 -Strefa tytułu i oznaczenia odpowiedzialności [1,0]
    • a
    • Tytuł
    • Polnische Motive im deutschen Kinder- und Jugendbuch nach 1945 / Find
    • c
    • Pozostałe elementy strefy tytułu i oznaczenia odpowiedzialności (NP)
    • Ewelina Kamińska.
260 -Strefa adresu wydawniczego [ , ]
    • a
    • Miejsce wydania (P)
    • Dortmund :
    • b
    • Nazwa wydawcy (P)
    • Forschungsstelle Ostmitteleuropa,
    • c
    • Data wydania (P)
    • 2001.
300 -Strefa opisu fizycznego [ , ]
    • a
    • Określenie formy książki i/lub objętość (NP)
    • VII, [1], 286 s. ;
    • c
    • Format (NP)
    • 23 cm.
336 -Typ zawartości [ , ]
    • a
    • Termin opisujący typ zawartości
    • Tekst
    • b
    • Kod określający zawartość
    • txt
    • 2
    • Źródło (terminu i kodu)
    • rdacontent
337 -Typ mediów [ , ]
    • a
    • Tryb odtwarzania
    • Bez urządzenia pośredniczącego
    • b
    • Kod typu mediów
    • n
    • 2
    • Źródło (terminu i kodu)
    • rdamedia
338 -Typ/rodzaj nośnika [ , ]
    • a
    • Hasło opisujące typ nośnika
    • Wolumin
    • b
    • Kod typu nośnika
    • nc
    • 2
    • Źródło (terminu i kodu)
    • rdacarrier
490 -Strefa serii i książki wielotomowej - forma nie do wyszukiwania [1, ]
    • a
    • Tytuł (P)
    • Veröffentlichungen der Forschungsstelle Ostmitteleuropa an der Universität Dortmund. Reihe B, Find
    • x
    • ISSN (NP)
    • 0931-5306 ;
    • v
    • Numeracja (P)
    • Bd. 67
830 -Hasło dodatkowe serii i opisu książki wielotomowej - tytuł ujednolicony/tytuł [ ,0]
    • a
    • Tytuł ujednolicony/tytuł (NP)
    • Veröffentlichungen der Forschungsstelle Ostmitteleuropa an der Universität Dortmund.
    • n
    • Oznaczenie części/podserii/sekcji (P)
    • Reihe B
    • x
    • ISSN
    • 0931-5306
    • v
    • Oznaczenie tomu (NP)
    • Bd. 67
    • 9
    • KHW
    • 436668
504 -Uwaga dot. bibliogr. załącznikowej [ , ]
    • a
    • Uwaga dot. bibliografii załącznikowej
    • Bibliogr. s. 265-286.
650 -Hasło przedmiotowe [ ,7]
    • a
    • Hasło przedmiotowe
    • Literatura niemiecka dla młodzieży
    • y
    • Określnik chronologiczny
    • 1945-1990
    • x
    • Określnik rzeczowy
    • tematy, motywy.
    • 2
    • Źródło terminu
    • kaba
    • 9
    • KHW
    • 488764
650 -Hasło przedmiotowe [ ,7]
    • a
    • Hasło przedmiotowe
    • Ojczyzna
    • x
    • Określnik rzeczowy
    • w literaturze.
    • 2
    • Źródło terminu
    • kaba
    • 9
    • KHW
    • 386739
650 -Hasło przedmiotowe [ ,7]
    • a
    • Hasło przedmiotowe
    • Wygnanie
    • x
    • Określnik rzeczowy
    • w literaturze.
    • 2
    • Źródło terminu
    • kaba
    • 9
    • KHW
    • 433744
651 -Hasło przedmiotowe w formie nazwy geograficznej [ ,7]
    • a
    • Nazwa geograficzna
    • Polska
    • x
    • Określnik rzeczowy
    • w literaturze.
    • 2
    • Źródło terminu
    • kaba
    • 9
    • KHW
    • 357138
920 -ISBN [ , ]
    • a
    • ISBN
    • 3-923293-65-8 Find
Sygnatura Data inwentaryzacji Lokalizacja Status udost. Numer inwentarzowy
GERM. Literatura dziecięca 082002-04-03BM1G.16519
Germ. Literaturozn. – dziec. 09 2019-05-09BM-3G.20470
 2019-06-12BM1Q.1904